Elementos de electricidad industrial /

Guardado en:
Autor Principal: Roberjot, P.
Formato: Libro
Idioma:Spanish
Publicado: Barcelona : Gili, 1946.
Etiquetas: Agregar Etiqueta
Sin Etiquetas, Sea el primero en etiquetar este registro!
LEADER 00521nam a22001575a 4500
001 EUN.um033976
003 AR-BaUNS
005 20050623122907.0
008 041125s1946####sp#a##########000#0#spa#d
245 1 0 |a Elementos de electricidad industrial /  |c P. Roberjot. 
260 |a Barcelona :  |b Gili,  |c 1946. 
300 |a 5 v. :  |b ilus. ;  |c 17 cm. 
100 1 |a Roberjot, P. 
082 0 4 |a 621.3 
859 |a Ar-BaUNS  |b BIB. CENTRAL - Sector A  |h 621.3  |i R541  |p 106733/997  |v v.2 
859 |a Ar-BaUNS  |b BIB. CENTRAL - Sector A  |h 621.3  |i R541  |p 78638/977  |t Ej.2  |v v.2